<?xml version="1.0" encoding="UTF-8"?><?xml-stylesheet type="text/xsl" href="static/style.xsl"?><OAI-PMH xmlns="http://www.openarchives.org/OAI/2.0/" xmlns:xsi="http://www.w3.org/2001/XMLSchema-instance" xsi:schemaLocation="http://www.openarchives.org/OAI/2.0/ http://www.openarchives.org/OAI/2.0/OAI-PMH.xsd"><responseDate>2026-04-14T08:59:31Z</responseDate><request verb="GetRecord" identifier="oai:www.recercat.cat:2099.1/12553" metadataPrefix="marc">https://recercat.cat/oai/request</request><GetRecord><record><header><identifier>oai:recercat.cat:2099.1/12553</identifier><datestamp>2025-07-23T02:02:06Z</datestamp><setSpec>com_2072_1033</setSpec><setSpec>col_2072_452951</setSpec></header><metadata><record xmlns="http://www.loc.gov/MARC21/slim" xmlns:dcterms="http://purl.org/dc/terms/" xmlns:xsi="http://www.w3.org/2001/XMLSchema-instance" xmlns:doc="http://www.lyncode.com/xoai" xsi:schemaLocation="http://www.loc.gov/MARC21/slim http://www.loc.gov/standards/marcxml/schema/MARC21slim.xsd">
   <leader>00925njm 22002777a 4500</leader>
   <datafield ind2=" " ind1=" " tag="042">
      <subfield code="a">dc</subfield>
   </datafield>
   <datafield ind2=" " ind1=" " tag="720">
      <subfield code="a">Navarta Ferrer, Sílvia</subfield>
      <subfield code="e">author</subfield>
   </datafield>
   <datafield ind2=" " ind1=" " tag="260">
      <subfield code="c">2008-09-03</subfield>
   </datafield>
   <datafield ind2=" " ind1=" " tag="520">
      <subfield code="a">Este proyecto ha sido desarrollado para Indra Espacio en el marco del&#xd;
desarrollo del prototipo de un sistema GBAS. El proyecto principal está dividido&#xd;
en dos grandes bloques: el segmento de la estación de referencia y el&#xd;
segmento del usuario. Este proyecto se enfoca únicamente en el segundo&#xd;
bloque: el segmento de usuario.&#xd;
Los objetivos fijados para el trabajo han sido la creación de un software capaz&#xd;
de realizar el post-procesado de los datos GPS recibidos por un receptor y&#xd;
almacenados en ficheros RINEX (formato estándar para el almacenamiento de&#xd;
datos GPS) obteniendo la posición del receptor. Posteriormente, después de la&#xd;
validación del código, se aplicarán las correcciones proporcionadas por una&#xd;
estación de referencia. Finalmente se comprobará su funcionamiento con un&#xd;
RINEX móvil gracias a la recogida de datos que realizamos personalmente.&#xd;
El trabajo ha sido dividido en cuatro capítulos. El primero pretende explicar&#xd;
todos los aspectos teóricos en los que se basan los sistemas GPS/DGPS. En&#xd;
el siguiente capítulo se realiza una descripción esquemática del algoritmo&#xd;
desarrollado. En el tercer capítulo se explica el funcionamiento de la interfaz&#xd;
gráfica diseñada para la aplicación del código. Y finalmente se mostrarán los&#xd;
datos obtenidos con el software diseñado</subfield>
   </datafield>
   <datafield ind2=" " ind1=" " tag="520">
      <subfield code="a">Este proyecto ha sido desarrollado para Indra Espacio en el marco del&#xd;
desarrollo del prototipo de un sistema GBAS. El proyecto principal está dividido&#xd;
en dos grandes bloques: el segmento de la estación de referencia y el&#xd;
segmento del usuario. Este proyecto se enfoca únicamente en el segundo&#xd;
bloque: el segmento de usuario.&#xd;
Los objetivos fijados para el trabajo han sido la creación de un software capaz&#xd;
de realizar el post-procesado de los datos GPS recibidos por un receptor y&#xd;
almacenados en ficheros RINEX (formato estándar para el almacenamiento de&#xd;
datos GPS) obteniendo la posición del receptor. Posteriormente, después de la&#xd;
validación del código, se aplicarán las correcciones proporcionadas por una&#xd;
estación de referencia. Finalmente se comprobará su funcionamiento con un&#xd;
RINEX móvil gracias a la recogida de datos que realizamos personalmente.&#xd;
El trabajo ha sido dividido en cuatro capítulos. El primero pretende explicar&#xd;
todos los aspectos teóricos en los que se basan los sistemas GPS/DGPS. En&#xd;
el siguiente capítulo se realiza una descripción esquemática del algoritmo&#xd;
desarrollado. En el tercer capítulo se explica el funcionamiento de la interfaz&#xd;
gráfica diseñada para la aplicación del código. Y finalmente se mostrarán los&#xd;
datos obtenidos con el software diseñado</subfield>
   </datafield>
   <datafield tag="653" ind2=" " ind1=" ">
      <subfield code="a">Àrees temàtiques de la UPC::Enginyeria de la telecomunicació::Radiocomunicació i exploració electromagnètica::Radar</subfield>
   </datafield>
   <datafield tag="653" ind2=" " ind1=" ">
      <subfield code="a">Àrees temàtiques de la UPC::Enginyeria de la telecomunicació::Radiocomunicació i exploració electromagnètica::Satèl·lits i ràdioenllaços</subfield>
   </datafield>
   <datafield tag="653" ind2=" " ind1=" ">
      <subfield code="a">Global Positioning System</subfield>
   </datafield>
   <datafield tag="653" ind2=" " ind1=" ">
      <subfield code="a">Artificial satellites in navigation</subfield>
   </datafield>
   <datafield tag="653" ind2=" " ind1=" ">
      <subfield code="a">Sistema de posicionament global</subfield>
   </datafield>
   <datafield ind2="0" ind1="0" tag="245">
      <subfield code="a">Desarrollo de un software de posicionamiento diferencial GPS</subfield>
   </datafield>
</record></metadata></record></GetRecord></OAI-PMH>